[Event "4NCL Online Div 4 Playoff"]
[Site "online"]
[Date "2021.05.04"]
[EventDate "2021.05.04"]
[Round "8.21"]
[White "Bell, Alan D"]
[WhiteElo "1982"]
[WhiteTeam "Grangemouth Gambiteers"]
[Black "Green, Tom D A"]
[BlackElo "1868"]
[BlackTeam "Manchester Manticores 2"]
[Result "1-0"]
[PlyCount "91"]

1. e4 d6 2. d4 Nf6 3. Nc3 g6 4. Nf3 Bg7 5. Be2 O-O 6. O-O Nc6 7. d5 Nb8 8. h3 e5 9. dxe6 Bxe6 10. Bg5 Nc6 11. Qd2 Re8 12. Rad1 Ne5 13. Nd4 Bc4 14. f4 Bxe2 15. Qxe2 Ned7 16. Qf3 c6 17. Nb3 Qc7 18. Qd3 h6 19. Bh4 d5 20. e5 Nh7 21. Bf2 Rad8 22. a4 b6 23. Qf3 Nhf8 24. Nd4 Ne6 25. Nxe6 Rxe6 26. b4 g5 27. g3 gxf4 28. gxf4 Rg6+ 29. Kh1 Kh7 30. b5 cxb5 31. axb5 Rg8 32. Nxd5 Nxe5 33. fxe5 Qxe5 34. Rfe1 Qb2 35. Ne7 Rf6 36. Qd3+ Kh8 37. Nxg8 Rxf2 38. Re8 Be5 39. Nf6+ Kg7 40. Rg1+ Kxf6 41. Qd8+ Kf5 42. Qd7+ Kf6 43. Qe7+ Kf5 44. Qxf7+ Bf6 45. Qh7+ Kf4 46. Qe4# 1-0

[Event "4NCL Online Div 4 Playoff"]
[Site "online"]
[Date "2021.05.04"]
[EventDate "2021.05.04"]
[Round "8.22"]
[White "Lonsdale, Jon I"]
[WhiteElo "1922"]
[WhiteTeam "Manchester Manticores 2"]
[Black "McLay, John W"]
[BlackElo "1900"]
[BlackTeam "Grangemouth Gambiteers"]
[Result "0-1"]
[PlyCount "64"]

1. e4 c5 2. c3 g6 3. d4 cxd4 4. cxd4 d5 5. Nc3 dxe4 6. Nxe4 Bg7 7. Nf3 Nd7 8. Bc4 Ndf6 9. Nc3 e6 10. d5 Nxd5 11. Nxd5 exd5 12. Qxd5 Qxd5 13. Bxd5 Ne7 14. Bb3 O-O 15. O-O Bg4 16. Bg5 Nc6 17. Bd5 Nb4 18. Bxb7 Rab8 19. Be7 Rxb7 20. Bxf8 Kxf8 21. Rfd1 Rd7 22. Rxd7 Bxd7 23. Ne1 Bf5 24. Rc1 Bxb2 25. Rc4 a5 26. h3 Be6 27. Rc5 a4 28. Rb5 Bc3 29. a3 Bxe1 30. axb4 a3 31. Kf1 a2 32. Ra5 Bc3 0-1

[Event "4NCL Online Div 4 Playoff"]
[Site "online"]
[Date "2021.05.04"]
[EventDate "2021.05.04"]
[Round "8.23"]
[White "Mason, Ian C"]
[WhiteElo "1872"]
[WhiteTeam "Grangemouth Gambiteers"]
[Black "Sheppard, Daniel C"]
[BlackElo "1869"]
[BlackTeam "Manchester Manticores 2"]
[Result "0-1"]
[PlyCount "96"]

1. d4 Nf6 2. c4 g6 3. Nc3 d5 4. Nf3 Bg7 5. cxd5 Nxd5 6. Qb3 Nxc3 7. bxc3 O-O 8. e3 c5 9. Be2 Nc6 10. O-O Na5 11. Qd1 Qc7 12. Ba3 cxd4 13. cxd4 Bf5 14. Rc1 Qd7 15. Rc5 b6 16. Rc3 Rfc8 17. Rxc8+ Rxc8 18. Bd3 Be6 19. Qe2 Nc4 20. Bc1 Qa4 21. Ng5 Bd7 22. h3 e6 23. Ne4 f5 24. Nd2 Nxd2 25. Qxd2 b5 26. Qe2 b4 27. Qb2 Rc3 28. Bb1 a5 29. Bd2 Rc8 30. Qb3 Qxb3 31. axb3 Bb5 32. Rc1 Rxc1+ 33. Bxc1 a4 34. bxa4 Bxa4 35. Bb2 Kf7 36. Kf1 Bb3 37. f4 Ke7 38. Ke2 Kd6 39. h4 Bf8 40. Kd2 Bd5 41. g3 Kc6 42. Bd3 Kb6 43. Bc2 Kb5 44. Bd1 b3 45. Be2+ Bc4 46. Bd1 Bb4+ 47. Bc3 Ka4 48. Bf3 b2 0-1

[Event "4NCL Online Div 4 Playoff"]
[Site "online"]
[Date "2021.05.04"]
[EventDate "2021.05.04"]
[Round "8.24"]
[White "Potter, Steven"]
[WhiteElo "1833"]
[WhiteTeam "Manchester Manticores 2"]
[Black "Will, Douglas"]
[BlackElo "1845"]
[BlackTeam "Grangemouth Gambiteers"]
[Result "0-1"]
[PlyCount "126"]

1. d4 Nf6 2. Bg5 Ne4 3. h4 c5 4. d5 g6 5. Nd2 Nxg5 6. hxg5 Bg7 7. c3 d6 8. e3 a6 9. Ngf3 O-O 10. Qa4 e6 11. Qh4 h5 12. gxh6 Bf6 13. h7+ Kh8 14. Qe4 Ra7 15. Bc4 b5 16. Bb3 c4 17. Bc2 exd5 18. Qf4 Nc6 19. Kf1 b4 20. Nd4 Nxd4 21. cxd4 a5 22. Kg1 a4 23. Bd1 c3 24. bxc3 bxc3 25. Rc1 Bg5 26. Qg3 cxd2 27. Rxc8 Qxc8 28. Qxg5 Qf5 29. Qh4 f6 30. g4 Qb1 31. Kg2 Rg7 32. Bf3 Qc2 33. Bd1 Qd3 34. Qg3 Rxh7 35. Qxd6 Rf7 36. Rxh7+ Kxh7 37. g5 Qe4+ 38. f3 Qf5 39. Qh2+ Kg7 40. Qh6+ Kg8 41. gxf6 Rxf6 42. f4 Qe4+ 43. Kf2 Qd3 44. Qg5 Qf5 45. Qxf5 gxf5 46. Bxa4 Ra6 47. Bb3 Rxa2 48. Ke2 Rb2 49. Bxd5+ Kg7 50. Bc6 Kf6 51. Ba4 Ke6 52. Kd1 Kd5 53. Bc2 Kc4 54. Kxd2 Ra2 55. d5 Kxd5 56. Kc3 Ra3+ 57. Bb3+ Ke4 58. Kb4 Rxb3+ 59. Kxb3 Kxe3 60. Kc2 Kxf4 61. Kd2 Kf3 62. Ke1 Kg2 63. Ke2 f4 0-1

[Event "4NCL Online Div 4 Playoff"]
[Site "online"]
[Date "2021.05.18"]
[EventDate "2021.05.18"]
[Round "9.11"]
[White "Bell, Alan D"]
[WhiteElo "1982"]
[WhiteTeam "Grangemouth Gambiteers"]
[Black "Rasalingam, Haran"]
[BlackElo "2087"]
[BlackTeam "Barnet Knights A"]
[Result "1-0"]
[PlyCount "93"]

1. e4 c5 2. Nf3 Nc6 3. d4 cxd4 4. Nxd4 Nf6 5. Nc3 d6 6. Bg5 Bd7 7. Qd2 Rc8 8. O-O-O Nxd4 9. Qxd4 Qa5 10. f4 Rxc3 11. bxc3 e5 12. Qb4 Qxb4 13. cxb4 Nxe4 14. Bh4 Nc3 15. Rd3 Nxa2+ 16. Kb2 Nxb4 17. Rb3 Nd5 18. Rxb7 Bc6 19. Bb5 Bxb5 20. Rxb5 Nxf4 21. Rb7 f6 22. Ra1 Be7 23. Raxa7 Ng6 24. Rxe7+ Nxe7 25. Ra8+ Kf7 26. Rxh8 Ng6 27. Rxh7 Kg8 28. Rh5 Nf4 29. Rf5 Nxg2 30. Bg3 Ne3 31. Rf3 Nc4+ 32. Kc3 Nb6 33. Bf2 Nd5+ 34. Kc4 Ne7 35. Rd3 Nf5 36. Kd5 Kf7 37. Ra3 Kg6 38. c4 Kg5 39. Ra6 Kf4 40. Rxd6 Kf3 41. Bb6 Ne7+ 42. Ke6 Nc8 43. c5 e4 44. Rd8 Nxb6 45. cxb6 e3 46. Rd3 Kf2 47. Rxe3 1-0

[Event "4NCL Online Div 4 Playoff"]
[Site "online"]
[Date "2021.05.18"]
[EventDate "2021.05.18"]
[Round "9.12"]
[White "Kesterson, Kennan"]
[WhiteElo "2006"]
[WhiteTeam "Barnet Knights A"]
[Black "McLay, John W"]
[BlackElo "1900"]
[BlackTeam "Grangemouth Gambiteers"]
[Result "1/2-1/2"]
[PlyCount "61"]

1. e4 c5 2. Nf3 e6 3. d4 cxd4 4. Nxd4 Bc5 5. Be3 Qb6 6. Nc3 Nc6 7. Na4 Qa5+ 8. c3 Bxd4 9. Bxd4 Nxd4 10. Qxd4 e5 11. Qc4 Nf6 12. O-O-O a6 13. Nc5 O-O 14. Kb1 b5 15. Qb4 Qb6 16. f3 d6 17. Nb3 Rd8 18. Be2 Be6 19. Rd2 Qe3 20. Rhd1 h6 21. Bf1 Ne8 22. Rd3 Qa7 23. Na5 Rdc8 24. R3d2 Rc7 25. Rc1 Rac8 26. b3 Qe3 27. Rd3 Qf2 28. Rdd1 Qe3 29. Rd3 Qf2 30. Rdd1 Qe3 31. Rd3 1/2-1/2

[Event "4NCL Online Div 4 Playoff"]
[Site "online"]
[Date "2021.05.18"]
[EventDate "2021.05.18"]
[Round "9.13"]
[White "Mason, Ian C"]
[WhiteElo "1872"]
[WhiteTeam "Grangemouth Gambiteers"]
[Black "Covey, Jason"]
[BlackElo "1981"]
[BlackTeam "Barnet Knights A"]
[Result "0-1"]
[PlyCount "82"]

1. d4 e6 2. Nf3 Nf6 3. c4 c5 4. d5 d6 5. Nc3 Be7 6. e4 O-O 7. Be2 Re8 8. O-O exd5 9. cxd5 h6 10. a4 Bf8 11. Qc2 Bg4 12. h3 Bh5 13. Be3 Bg6 14. Nd2 Nbd7 15. Bb5 a6 16. Bxd7 Qxd7 17. Rfe1 b5 18. axb5 axb5 19. Rxa8 Rxa8 20. Qd3 b4 21. Ne2 Qe8 22. Ng3 Ra7 23. f4 Qa8 24. f5 Bh7 25. Nc4 g6 26. Rd1 Ra1 27. Rxa1 Qxa1+ 28. Kh2 Qa6 29. b3 Nd7 30. Bf4 Nb6 31. fxg6 fxg6 32. Nf1 g5 33. Bg3 Nxc4 34. bxc4 Qa3 35. Qe2 b3 36. Qg4 Bg6 37. Qc8 Qc1 38. Bxd6 Qxf1 39. Bxf8 Qxf8 40. Qe6+ Qf7 41. Qc8+ Kg7 0-1

[Event "4NCL Online Div 4 Playoff"]
[Site "online"]
[Date "2021.05.18"]
[EventDate "2021.05.18"]
[Round "9.14"]
[White "Eedle, Eric F"]
[WhiteElo "1825"]
[WhiteTeam "Barnet Knights A"]
[Black "Will, Douglas"]
[BlackElo "1845"]
[BlackTeam "Grangemouth Gambiteers"]
[Result "1-0"]
[PlyCount "103"]

1. d4 Nf6 2. c4 g6 3. f3 Bg7 4. e4 d6 5. Nc3 O-O 6. Be3 a6 7. Nge2 Nc6 8. Qd2 Re8 9. h4 h5 10. O-O-O b5 11. Nf4 e5 12. dxe5 Nxe5 13. c5 Bd7 14. cxd6 cxd6 15. Qxd6 Qc8 16. Kb1 b4 17. Ncd5 Nxd5 18. Nxd5 b3 19. axb3 Qb8 20. Nb6 Ra7 21. Qxb8 Rxb8 22. Nxd7 Rxd7 23. Rxd7 Nxd7 24. Ka2 Rc8 25. Bc4 Ne5 26. Rc1 Rd8 27. Bg5 Rb8 28. Rc2 a5 29. Bf4 Kf8 30. Bd5 Rd8 31. Rc7 Nd3 32. Rxf7+ Ke8 33. Rxg7 Nxf4 34. Rg8+ Kd7 35. Rxd8+ Kxd8 36. g3 Nd3 37. Kb1 Ke7 38. f4 Kf6 39. Kc2 Nb4+ 40. Kc3 Ke7 41. Kd4 Nc2+ 42. Ke5 Ne3 43. f5 Ng4+ 44. Kf4 Kf6 45. fxg6 Kxg6 46. e5 Nf2 47. Be4+ Kf7 48. Bf5 Nd1 49. Kg5 Ne3 50. Bg6+ Ke6 51. Kf4 Nd5+ 52. Ke4 1-0

[Event "4NCL Online Division 5"]
[Site "online"]
[Date "2021.01.26"]
[Round "1.11"]
[White "Kumar, Sanjit S"]
[Black "Roderick, Andrew"]
[Result "0-1"]
[WhiteElo "1696"]
[BlackElo "1828"]
[PlyCount "62"]
[EventDate "2021.01.26"]
[WhiteTeam "KCJS 1"]
[BlackTeam "Welwyn Hatfield"]

1. e4 e6 2. d4 a6 3. Nf3 b5 4. c4 Bb7 5. d5 bxc4 6. Bxc4 Nf6 7. Nc3 Bb4 8. dxe6
fxe6 9. e5 Nd5 10. Qb3 a5 11. a3 a4 12. Qc2 Ba5 13. Ng5 Qe7 14. Bd2 Nxc3 15.
bxc3 Qc5 16. Be2 Qxe5 17. f4 Qf5 18. Bd3 Qg4 19. Bg6+ Ke7 20. Be4 Bxe4 21. Qxe4
Na6 22. O-O Nc5 23. Qc2 Nb3 24. Rae1 Nxd2 25. Qxd2 h6 26. h3 Bb6+ 27. Kh1 hxg5
28. fxg5 Rh5 29. Rf4 Qxg5 30. g4 Rxh3+ 31. Kg2 Qh6 0-1

[Event "4NCL Online Division 5"]
[Site "online"]
[Date "2021.01.26"]
[Round "1.12"]
[White "White, David"]
[Black "Subin, Samvrit"]
[Result "1-0"]
[WhiteElo "1775"]
[BlackElo "1680"]
[PlyCount "107"]
[EventDate "2021.01.26"]
[WhiteTeam "Welwyn Hatfield"]
[BlackTeam "KCJS 1"]

1. e4 c5 2. Nf3 d6 3. d4 cxd4 4. Nxd4 Nf6 5. Nc3 a6 6. Bc4 e6 7. Bb3 b5 8. O-O
Be7 9. f4 O-O 10. e5 dxe5 11. fxe5 Nfd7 12. Qh5 Qb6 13. Be3 Bc5 14. Rf4 Nc6 15.
Rh4 h6 16. Rd1 Bb7 17. Ne4 Nxd4 18. Nxc5 Nf5 19. Rxd7 Nxe3 20. Rxb7 Qxc5 21.
Kh1 Rad8 22. h3 Nf1 23. Rg4 Rd1 24. Rxg7+ Kxg7 25. Qxd1 Ng3+ 26. Kh2 Qxe5 27.
Qg4+ Kh7 28. Qxg3 Qh5 29. Qe3 e5 30. c3 Qg6 31. Qxe5 h5 32. Qe2 Qd6+ 33. g3 Kh6
34. Qe3+ Kh7 35. Qg5 Qg6 36. Qxg6+ Kxg6 37. Rb6+ Kg5 38. h4+ Kg4 39. Rd6 Re8
40. Rd2 Re3 41. Bxf7 Rxg3 42. Rg2 Rxg2+ 43. Kxg2 Kxh4 44. Bxh5 Kxh5 45. Kf3 Kg5
46. Ke4 Kf6 47. Kd5 Ke7 48. Kc6 Ke6 49. Kb6 Kd5 50. Kxa6 Kc4 51. Ka5 Kc5 52. b3
Kc6 53. a4 bxa4 54. Kxa4 1-0

[Event "4NCL Online Division 5"]
[Site "online"]
[Date "2021.01.26"]
[Round "1.13"]
[White "Hill-Wood, T Wilfred D"]
[Black "Sims, Tony J"]
[Result "1-0"]
[WhiteElo "1663"]
[BlackElo "1598"]
[PlyCount "53"]
[EventDate "2021.01.26"]
[WhiteTeam "KCJS 1"]
[BlackTeam "Welwyn Hatfield"]

1. e4 c5 2. Nc3 d6 3. f4 Nd7 4. Nf3 Qc7 5. Bb5 a6 6. Bc4 e6 7. d3 b5 8. Bb3 Bb7
9. O-O Be7 10. Qe1 Ngf6 11. Qg3 Rg8 12. Kh1 h6 13. f5 e5 14. Nh4 Nf8 15. Nd5
Nxd5 16. Bxd5 Bxd5 17. exd5 Bxh4 18. Qxh4 Qe7 19. f6 Qd8 20. Qg3 Ng6 21. fxg7
Rxg7 22. Bxh6 Rh7 23. Bg5 Qd7 24. Rae1 Ne7 25. Bxe7 Qxe7 26. Qg8+ Qf8 27. Qxh7
1-0

[Event "4NCL Online Division 5"]
[Site "online"]
[Date "2021.01.26"]
[Round "1.14"]
[White "Elder, Kidge"]
[Black "Soulier, Alfred"]
[Result "1/2-1/2"]
[WhiteElo "1542"]
[BlackElo "1624"]
[PlyCount "113"]
[EventDate "2021.01.26"]
[WhiteTeam "Welwyn Hatfield"]
[BlackTeam "KCJS 1"]

1. d4 Nf6 2. c4 g6 3. Nc3 Bg7 4. e3 O-O 5. Bd3 d6 6. Nf3 Nbd7 7. O-O e5 8. d5
Nc5 9. Bc2 a5 10. Rb1 Bd7 11. Nd2 Qe7 12. a4 Rac8 13. e4 Nh5 14. Nf3 b6 15. Re1
Na6 16. Nb5 Nb4 17. Bb3 f5 18. Nc3 f4 19. Nd2 Nf6 20. f3 Nd3 21. Re2 Be8 22.
Na2 Nc5 23. Bc2 Ra8 24. Nc3 Bd7 25. Nb5 Rfc8 26. b3 Ne8 27. Ba3 Nb7 28. Nf1 Qf7
29. h3 g5 30. Nh2 h6 31. Qe1 Nf6 32. Ng4 h5 33. Nxf6+ Bxf6 34. Bd1 h4 35. Nc3
Qg6 36. Rf2 Kh7 37. Rd2 Be7 38. Be2 Rg8 39. Nd1 Raf8 40. Nf2 Qe8 41. Qc1 Qc8
42. Qc2 Rf7 43. Kh2 Rfg7 44. Rh1 Nd8 45. Qd1 Nf7 46. Ng4 Nh6 47. Kg1 Qe8 48.
Rc2 Qf8 49. Rc3 Nf7 50. Kf2 Nh6 51. Rf1 Qb8 52. Kg1 Qa7 53. Kh1 Qa8 54. Kh2 Nf7
55. Kh1 Nh6 56. Kh2 Nf7 57. Kh1 1/2-1/2

[Event "4NCL Online Division 5"]
[Site "online"]
[Date "2021.01.26"]
[Round "1.21"]
[White "Walker, David N"]
[Black "Liu, Jason"]
[Result "1-0"]
[WhiteElo "1946"]
[BlackElo "1361"]
[PlyCount "110"]
[EventDate "2021.01.26"]
[WhiteTeam "Harborough Cuatro 1"]
[BlackTeam "BCC Penguins"]

1. Nf3 b6 2. d4 Bb7 3. e3 e6 4. Bd3 f5 5. c4 Nf6 6. Nc3 g6 7. b3 Bg7 8. Ba3 d6
9. Qc2 O-O 10. O-O-O Nbd7 11. h4 Re8 12. Bb2 a6 13. Kb1 c5 14. e4 Qc7 15. d5
fxe4 16. Bxe4 e5 17. h5 Nxh5 18. Rxh5 gxh5 19. Bxh7+ Kf8 20. Ng5 Nf6 21. Bg6
Re7 22. Nce4 Qd7 23. Rh1 Bc8 24. Nxf6 Bxf6 25. Ne6+ Rxe6 26. dxe6 Qxe6 27. Be4
Ra7 28. Rxh5 Rg7 29. Bc1 Qg4 30. Rh8+ Ke7 31. Bh6 Rf7 32. f3 Qe6 33. Bd5 Qf5
34. Rxc8 Qxc8 35. Bxf7 Kxf7 36. Qh7+ Ke6 37. g4 Qd8 38. Qf5+ Ke7 39. g5 Qh8 40.
gxf6+ Kf7 41. Bc1 Qxf6 42. Qxf6+ Kxf6 43. Kc2 Ke6 44. Kd3 d5 45. cxd5+ Kxd5 46.
Bg5 b5 47. Be3 a5 48. a3 Kd6 49. Ke4 b4 50. axb4 cxb4 51. Bb6 a4 52. bxa4 b3
53. Kd3 e4+ 54. fxe4 Ke5 55. Bd4+ Kd6 1-0

[Event "4NCL Online Division 5"]
[Site "online"]
[Date "2021.01.26"]
[Round "1.22"]
[White "Liu, Benjamin"]
[Black "Redding, Jonathan"]
[Result "0-1"]
[WhiteElo "896"]
[BlackElo "1854"]
[PlyCount "56"]
[EventDate "2021.01.26"]
[WhiteTeam "BCC Penguins"]
[BlackTeam "Harborough Cuatro 1"]

1. d4 Nf6 2. c4 g6 3. Nc3 Bg7 4. e4 d6 5. Be2 O-O 6. Bg5 b6 7. Nf3 Bb7 8. O-O
Nxe4 9. Nxe4 Bxe4 10. Qd2 c5 11. Bh6 cxd4 12. Nxd4 e5 13. Nf3 Qe7 14. Qe3 f5
15. Bxg7 Kxg7 16. Ng5 Bb7 17. Rad1 f4 18. Qd2 Qxg5 19. g3 Rf6 20. Qd3 e4 21.
Qd2 Nd7 22. c5 bxc5 23. Bc4 Ne5 24. Qe2 f3 25. Qc2 Qg4 26. Kh1 Qh3 27. Rg1 Ng4
28. Rg2 Qxg2# 0-1

[Event "4NCL Online Division 5"]
[Site "online"]
[Date "2021.01.26"]
[Round "1.23"]
[White "Garland, Michael A jnr"]
[Black "Bell, Euan"]
[Result "1-0"]
[WhiteElo "1692"]
[BlackElo "673"]
[PlyCount "59"]
[EventDate "2021.01.26"]
[WhiteTeam "Harborough Cuatro 1"]
[BlackTeam "BCC Penguins"]

1. e4 e5 2. f4 exf4 3. Nf3 Nf6 4. e5 Nd5 5. d4 Bb4+ 6. c3 Ba5 7. Bc4 Ne3 8.
Bxe3 fxe3 9. O-O d5 10. Bb3 O-O 11. Qd3 c6 12. Qxe3 h6 13. Bc2 f5 14. Nbd2 b5
15. Nb3 Bb6 16. e6 Qe7 17. Rad1 Qxe6 18. Qf2 Qf6 19. Nh4 Bd8 20. Nxf5 Bxf5 21.
Bxf5 Qxf5 22. Qxf5 Rxf5 23. Rxf5 Nd7 24. Re1 Bc7 25. Re7 Rd8 26. Rff7 Bd6 27.
Rxd7 Rxd7 28. Rxd7 Bf4 29. Rxa7 Be3+ 30. Kf1 1-0

[Event "4NCL Online Division 5"]
[Site "online"]
[Date "2021.01.26"]
[Round "1.24"]
[White "Florczak, Adam"]
[Black "Geear, Alistair"]
[Result "1-0"]
[WhiteElo "720"]
[BlackElo "1600"]
[PlyCount "79"]
[EventDate "2021.01.26"]
[WhiteTeam "BCC Penguins"]
[BlackTeam "Harborough Cuatro 1"]

1. d4 Nf6 2. Nc3 d5 3. Nf3 e6 4. Bf4 Be7 5. e3 Nh5 6. Bg3 Nxg3 7. hxg3 c5 8.
dxc5 Bxc5 9. Ne5 Qc7 10. Qh5 Nc6 11. Nxc6 Qxc6 12. Bb5 Qd7 13. Bxd7+ Bxd7 14.
O-O-O g6 15. Qe5 O-O-O 16. Qf6 h5 17. g4 Rdf8 18. gxh5 gxh5 19. g4 Bc6 20. Rxh5
Rhg8 21. Rg1 Rg6 22. Qe5 Rd8 23. Rh8 Bb6 24. g5 Bc7 25. Rxd8+ Kxd8 26. Qh8+ Ke7
27. f4 Bb6 28. Rg3 d4 29. exd4 Bc7 30. Ne2 Bb5 31. Kd1 Bxe2+ 32. Kxe2 Bxf4 33.
Rg4 Bxg5 34. c4 Bf6 35. Qh5 Rxg4 36. Qxg4 a5 37. b3 b6 38. d5 exd5 39. cxd5 Kd6
40. Qf5 1-0

[Event "4NCL Online Division 5"]
[Site "online"]
[Date "2021.01.26"]
[Round "1.31"]
[White "Bajpayee, Yayin"]
[Black "Clark, Gary M"]
[Result "0-1"]
[WhiteElo "1095"]
[BlackElo "2278"]
[PlyCount "54"]
[EventDate "2021.01.26"]
[WhiteTeam "Watford Juniors B"]
[BlackTeam "Charlton Cobras A"]

1. d4 Nf6 2. Nf3 g6 3. Bg5 Bg7 4. Bxf6 Bxf6 5. e3 c5 6. c3 d5 7. Be2 Nd7 8.
Nbd2 O-O 9. O-O e5 10. dxe5 Nxe5 11. Nxe5 Bxe5 12. Nf3 Bg7 13. Qc2 Qe7 14. Rfd1
Be6 15. e4 Rfd8 16. exd5 Bxd5 17. c4 Be4 18. Qb3 Qf6 19. Nd2 Rxd2 20. Rxd2 Qg5
21. f3 Qxd2 22. fxe4 Qxe2 23. Qxb7 Rd8 24. Qb3 h5 25. Rb1 Rd3 26. Qa4 Kh7 27.
b4 Rd2 0-1

[Event "4NCL Online Division 5"]
[Site "online"]
[Date "2021.01.26"]
[Round "1.32"]
[White "Stebbings, Anthony J"]
[Black "Demyan, Leo"]
[Result "1-0"]
[WhiteElo "2240"]
[BlackElo "1143"]
[PlyCount "79"]
[EventDate "2021.01.26"]
[WhiteTeam "Charlton Cobras A"]
[BlackTeam "Watford Juniors B"]

1. c4 e6 2. Nc3 Nf6 3. d4 d5 4. Bg5 Be7 5. e3 h6 6. Bh4 Bd7 7. Bxf6 Bxf6 8.
cxd5 exd5 9. Nxd5 Be6 10. Nxf6+ Qxf6 11. Nf3 Nc6 12. Be2 Rd8 13. O-O O-O 14.
Qa4 a6 15. Rac1 Qg6 16. Rfd1 Bh3 17. Ne1 Bd7 18. Nd3 Ne7 19. Qb3 Bc6 20. Nf4
Qg5 21. Rc5 Nd5 22. Bf3 Rd6 23. Bxd5 Rfd8 24. Bxf7+ Kf8 25. Rxg5 hxg5 26. Ne6+
Ke7 27. Nxd8 Kxd8 28. d5 Be8 29. Bxe8 Kxe8 30. Qxb7 Rd7 31. Rc1 c5 32. dxc6
Rxb7 33. cxb7 Kd7 34. b8=Q Ke6 35. Rc5 Kf6 36. Qe5+ Kg6 37. Qxg5+ Kf7 38. Rc7+
Ke6 39. Qe7+ Kd5 40. Rc5# 1-0

[Event "4NCL Online Division 5"]
[Site "online"]
[Date "2021.01.26"]
[Round "1.33"]
[White "Holland, Nicolas"]
[Black "Morris, David"]
[Result "0-1"]
[WhiteElo "1103"]
[BlackElo "1930"]
[PlyCount "1"]
[EventDate "2021.01.26"]
[WhiteTeam "Watford Juniors B"]
[BlackTeam "Charlton Cobras A"]

1. d4 (1. e4 c5 2. Nf3 Nc6 3. d3 g6 4. Nc3 Bg7 5. Bf4 e5 6. Be3 d6 7. Nd5 Nge7
8. Qd2 Be6 9. Nxe7 Qxe7 10. Bh6 O-O 11. Bxg7 Kxg7 12. Be2 d5 13. c4 dxe4 14.
dxe4 Bg4 15. O-O Bxf3 16. Bxf3 Rfd8 17. Qe3 Nd4 18. Qc3 Rd6 19. Rad1 Rad8 20.
Qc1 Qd7 21. Rde1 Nxf3+ 22. gxf3 g5 23. Qxg5+ Rg6 24. Rd1 Rxg5+ 25. Kh1 Qxd1 26.
Rxd1 Rxd1#) 0-1

[Event "4NCL Online Division 5"]
[Site "online"]
[Date "2021.01.26"]
[Round "1.34"]
[White "Jakhria, Kushal"]
[Black "Khandelwal, Akshaj"]
[Result "1-0"]
[WhiteElo "1723"]
[BlackElo "1083"]
[PlyCount "59"]
[EventDate "2021.01.26"]
[WhiteTeam "Charlton Cobras A"]
[BlackTeam "Watford Juniors B"]

1. d4 e5 2. dxe5 Bc5 3. Nf3 d6 4. exd6 Ne7 5. e3 cxd6 6. Nc3 Nbc6 7. Bc4 Bg4 8.
h3 Bh5 9. Be2 O-O 10. O-O d5 11. a3 d4 12. exd4 Bb6 13. d5 Na5 14. b4 h6 15.
bxa5 Bxa5 16. Bb2 Bxc3 17. Bxc3 Nxd5 18. Bb2 Re8 19. Re1 Nf4 20. Qxd8 Raxd8 21.
Bf1 Bxf3 22. gxf3 Rxe1 23. Rxe1 Rd2 24. Bc1 Nxh3+ 25. Bxh3 Rxc2 26. Re8+ Kh7
27. Bf5+ g6 28. Bxc2 Kg7 29. Bb2+ Kh7 30. Rh8# 1-0

[Event "4NCL Online Division 5"]
[Site "online"]
[Date "2021.01.26"]
[Round "1.41"]
[White "Povah, Nigel E"]
[Black "Price, Michael C"]
[Result "1-0"]
[WhiteElo "2280"]
[BlackElo "1739"]
[PlyCount "35"]
[EventDate "2021.01.26"]
[WhiteTeam "Guildford Castles 1"]
[BlackTeam "Uxbridge Bulldogs"]

1. d4 d5 2. Bf4 Nf6 3. e3 e6 4. Nd2 Nbd7 5. Ngf3 b6 6. Bd3 Bb7 7. Ne5 Be7 8.
Qf3 O-O 9. Qh3 c5 10. c3 Re8 11. Ndf3 h6 12. g4 Nh7 13. Bxh7+ Kxh7 14. Nxf7 Qc8
15. Bxh6 gxh6 16. Qxh6+ Kg8 17. Qg6+ Kf8 18. Nh6 1-0

[Event "4NCL Online Division 5"]
[Site "online"]
[Date "2021.01.26"]
[Round "1.42"]
[White "Knight, David"]
[Black "Punnett, Alan K"]
[Result "0-1"]
[WhiteElo "1671"]
[BlackElo "2096"]
[PlyCount "78"]
[EventDate "2021.01.26"]
[WhiteTeam "Uxbridge Bulldogs"]
[BlackTeam "Guildford Castles 1"]

1. c4 e5 2. Nc3 Nc6 3. Nf3 f5 4. d3 Nf6 5. g3 Be7 6. Bg2 O-O 7. O-O Qe8 8. Nd5
Bd8 9. b3 d6 10. Bb2 Qh5 11. d4 e4 12. Ne1 Nxd5 13. cxd5 Ne7 14. f3 Nxd5 15.
Nc2 exf3 16. Bxf3 Qf7 17. e4 fxe4 18. Bxe4 Qxf1+ 19. Qxf1 Rxf1+ 20. Rxf1 Be6
21. Bg2 Bf6 22. Ba1 Bf7 23. Re1 Kf8 24. Kf1 Re8 25. Bh1 Re7 26. Kf2 Ke8 27. Bg2
Rxe1 28. Kxe1 Kd7 29. Kd2 Be6 30. Ke1 c6 31. Kd2 Bg5+ 32. Ke1 g6 33. Ke2 Bg4+
34. Ke1 Ke6 35. Kf2 Bf5 36. Bxd5+ Kxd5 37. Ne3+ Ke4 38. Nxf5 gxf5 39. Ke2 Bf6
0-1

[Event "4NCL Online Division 5"]
[Site "online"]
[Date "2021.01.26"]
[Round "1.43"]
[White "White, Nigel"]
[Black "Knight, Daniel"]
[Result "0-1"]
[WhiteElo "2084"]
[BlackElo "1663"]
[PlyCount "90"]
[EventDate "2021.01.26"]
[WhiteTeam "Guildford Castles 1"]
[BlackTeam "Uxbridge Bulldogs"]

1. e4 d5 2. exd5 Nf6 3. Nf3 Nxd5 4. d4 Bg4 5. Be2 e6 6. O-O Be7 7. c4 Nf6 8.
Nc3 c6 9. Bd2 O-O 10. Be3 Nbd7 11. h3 Bh5 12. Ne5 Bxe2 13. Qxe2 Ne8 14. Rad1
Bb4 15. Ne4 Nxe5 16. dxe5 Qc7 17. f4 Be7 18. Rd3 Rd8 19. Rfd1 Rxd3 20. Qxd3 Qa5
21. Qd7 Qc7 22. Qxc7 Nxc7 23. Rd7 Bd8 24. Bxa7 Na6 25. Rc7 Bxc7 26. b4 Nxb4 27.
Bc5 Ra8 28. Bxb4 Rxa2 29. Nd6 Rb2 30. Bc5 b6 31. Bd4 Rd2 32. Be3 Rd1+ 33. Kf2
Bxd6 34. exd6 Rxd6 35. Bxb6 f6 36. Ke3 Kf7 37. g4 g5 38. fxg5 fxg5 39. Ke4 Rd1
40. Be3 Re1 41. Kd4 e5+ 42. Ke4 Ke6 43. Kf3 h6 44. h4 Rxe3+ 45. Kxe3 gxh4 0-1

[Event "4NCL Online Division 5"]
[Site "online"]
[Date "2021.01.26"]
[Round "1.44"]
[White "Foale, Ron"]
[Black "Young, Craig A"]
[Result "1-0"]
[WhiteElo "1511"]
[BlackElo "2049"]
[PlyCount "89"]
[EventDate "2021.01.26"]
[WhiteTeam "Uxbridge Bulldogs"]
[BlackTeam "Guildford Castles 1"]

1. d4 d5 2. Nf3 e6 3. c4 Nf6 4. g3 b6 5. Bg2 Bb7 6. O-O c5 7. Nc3 dxc4 8. Qa4+
Bc6 9. Qxc4 Qc7 10. Rd1 a6 11. a4 Nbd7 12. Bf4 Bd6 13. dxc5 Bxf4 14. cxb6 Nxb6
15. Qxf4 Qxf4 16. gxf4 Nbd5 17. Ne5 Bb7 18. Rac1 O-O 19. e3 Rfd8 20. Ne2 Rac8
21. Nd4 Rxc1 22. Rxc1 Rc8 23. Rxc8+ Bxc8 24. Ndc6 Kf8 25. Kf1 Ne7 26. b4 Nfd5
27. b5 axb5 28. axb5 f6 29. Nxe7 Kxe7 30. Nc4 Kd8 31. Ke1 Kc7 32. Kd2 Bb7 33.
Bf1 Nb6 34. Kc3 Nxc4 35. Kxc4 Kb6 36. Bd3 g6 37. h4 Bd5+ 38. Kd4 Bb3 39. Bc4
Bxc4 40. Kxc4 h6 41. f3 f5 42. e4 h5 43. Kd4 Kxb5 44. Ke5 Kc6 45. Kxe6 1-0

[Event "4NCL Online Division 5"]
[Site "online"]
[Date "2021.01.26"]
[Round "1.51"]
[White "Robins, Andrew"]
[Black "Shah, Prem C"]
[Result "1-0"]
[WhiteElo "1761"]
[BlackElo "1075"]
[PlyCount "61"]
[EventDate "2021.01.26"]
[WhiteTeam "Ashfield Anonymous D"]
[BlackTeam "Watford Juniors C"]

1. e4 c6 2. d4 d5 3. f3 Nd7 4. Nc3 Nb6 5. e5 Bf5 6. Bd3 Bxd3 7. Qxd3 e6 8. f4
c5 9. Nf3 c4 10. Qe2 Bb4 11. O-O Ne7 12. Nd1 Nf5 13. c3 Be7 14. Ne3 Nxe3 15.
Bxe3 O-O 16. Qc2 f6 17. exf6 Bxf6 18. Rae1 h6 19. Bc1 Qd7 20. Ne5 Bxe5 21. Rxe5
Rfe8 22. Qg6 Nc8 23. f5 exf5 24. Rxe8+ Qxe8 25. Qxe8+ Kh7 26. Rxf5 Nb6 27. Qe7
Rg8 28. Bxh6 Nc8 29. Qh4 Kg6 30. Qh5+ Kh7 31. Bf4# 1-0

[Event "4NCL Online Division 5"]
[Site "online"]
[Date "2021.01.26"]
[Round "1.52"]
[White "Sriram, Gautam"]
[Black "Taylor, Robert P"]
[Result "0-1"]
[WhiteElo "658"]
[BlackElo "1661"]
[PlyCount "42"]
[EventDate "2021.01.26"]
[WhiteTeam "Watford Juniors C"]
[BlackTeam "Ashfield Anonymous D"]

1. e4 Nc6 2. Nf3 e6 3. Bb5 Nge7 4. Bxc6 Nxc6 5. O-O Be7 6. e5 O-O 7. d3 f6 8.
exf6 Bxf6 9. Nc3 b6 10. a4 Bb7 11. b3 Bxc3 12. Bg5 Qe8 13. Rb1 Qg6 14. h3 Nb4
15. Qe2 Bxf3 16. gxf3 Qxg5+ 17. Kh1 Qh5 18. Kh2 Rxf3 19. Qe1 Qxh3+ 20. Kg1 Qg4+
21. Kh1 Rh3# 0-1